000 00358pab a2200145 454500
008 180718b2001 xxu||||| |||| 00| 0 eng d
100 _aMitra, R.
245 _aScience and reason vs unreason
260 _c2001
300 _ap.4055-056
362 _a27 Oct
650 _aScience and technology
773 _aEconomic and Political Weekly
909 _a50391
999 _c50391
_d50391